Developing a Canadian urban policy : Some problems and proposals (Record no. 410022)

000 -LEADER
fixed length control field 00379cam a22001217a 4500
008 - FIXED-LENGTH DATA ELEMENTS--GENERAL INFORMATION
fixed length control field 180718b1973 xxu||||| |||| 00| 0 eng d
082 ## - DEWEY DECIMAL CLASSIFICATION NUMBER
Classification number J71x71 In8
245 ## - TITLE STATEMENT
Title Developing a Canadian urban policy : Some problems and proposals
Statement of responsibility, etc. By Simon Miles et al
260 ## - PUBLICATION, DISTRIBUTION, ETC.
Place of publication, distribution, etc. Toronto
Name of publisher, distributor, etc. Intermet
Date of publication, distribution, etc. 1973
300 ## - PHYSICAL DESCRIPTION
Extent 91p
650 ## - SUBJECT ADDED ENTRY--TOPICAL TERM
Topical term or geographic name entry element Urban policy - Canada
650 ## - SUBJECT ADDED ENTRY--TOPICAL TERM
Topical term or geographic name entry element Cities and towns - Canada
Holdings
Withdrawn status Lost status Damaged status Not for loan Permanent Location Current Location Date acquired Full call number Barcode Date last seen Price effective from Koha item type
        Indian Institute of Public Administration Indian Institute of Public Administration 2009-01-13 J71x71 In8 D1433 2018-07-21 2018-07-21 D

Powered by Koha